header

Beyond rhetorical questions (Record no. 74289)

MARC details
000 -LEADER
fixed length control field 01335nam a2200337Ia 4500
082 04 - DEWEY DECIMAL CLASSIFICATION NUMBER
Classification number 401/.41
100 1# - MAIN ENTRY--AUTHOR NAME
Personal name Koshik, Irene.
245 10 - TITLE STATEMENT
Title Beyond rhetorical questions
260 ## - PUBLICATION, DISTRIBUTION, ETC. (IMPRINT)
Place of publication Amsterdam ;
-- Philadelphia :
Name of publisher J. Benjamins Pub. Co.,
Year of publication 2005.
300 ## - PHYSICAL DESCRIPTION
Number of Pages x, 182 p.
490 1# - SERIES STATEMENT
Series statement Studies in discourse and grammar ;
650 #0 - SUBJECT ADDED ENTRY--TOPICAL TERM
Topical Term Conversation analysis.
Topical Term Questioning.
856 40 - ELECTRONIC LOCATION AND ACCESS
Uniform Resource Identifier http://site.ebrary.com/lib/rucke/Doc?id=10080011

No items available.

© 2026 Rongo University
Contact us: librarian | system librarian | Rongo university